[Event "Berlin Spandau op"]
[Site "Berlin"]
[Date "2018.12.27"]
[Round "2"]
[White "Hansch, Torsten"]
[Black "Cote, Frederic"]
[Result "1-0"]
[WhiteElo "2120"]
[BlackElo "1918"]
[PlyCount "71"]
[EventDate "2018.12.27"]
[EventType "swiss"]
[EventRounds "7"]
[EventCountry "GER"]
[SourceTitle "CBM 188 Extra"]
[Source "ChessBase"]
[SourceDate "2019.02.28"]
[SourceVersion "1"]
[SourceVersionDate "2019.02.28"]
[SourceQuality "1"]

1. d4 Nf6 2. c4 c5 3. d5 e5 4. Nc3 d6 5. g3 Be7 6. Bg2 0-0 7. e4 a6 8. a4 b6 9. Nf3 h6 10. h3 Nh7 11. 0-0 Bg5 12. Nxg5 Nxg5 13. Kh2 Nd7 14. Be3 Ra7 15. Qd2 Nh7 16. f4 Re8 17. f5 Rb7 18. Bf3 Ndf8 19. Be2 Bd7 20. Kg2 Ng5 21. h4 Ngh7 22. Rh1 f6 23. Kf2 Re7 24. g4 Be8 25. Rh3 Rec7 26. Rg1 Qe7 27. Ke1 Ra7 28. b3 Rcb7 29. g5 fxg5 30. hxg5 Nxg5 31. Bxg5 hxg5 32. Rgh1 g6 33. Rh8+ Kg7 34. Bg4 Qf6 35. Qh2 Kf7 36. fxg6+ 1-0

[Event "Quebec-ch U18"]
[Site "Montreal"]
[Date "2017.03.05"]
[Round "5"]
[White "Li, Yilin"]
[Black "Cote, Frederic"]
[Result "1-0"]
[WhiteElo "1962"]
[BlackElo "1414"]
[PlyCount "59"]
[EventDate "2017.03.04"]
[EventType "tourn"]
[EventRounds "6"]
[EventCountry "CAN"]
[SourceTitle "EXT 2022"]
[Source "ChessBase"]
[SourceDate "2021.10.06"]
[SourceVersion "1"]
[SourceVersionDate "2021.10.06"]
[SourceQuality "1"]

1. e4 e5 2. Nf3 Nc6 3. Bb5 Nf6 4. 0-0 Nd4 5. Nxd4 exd4 6. Re1 Be7 7. e5 Nd5 8. Qg4 Nb4 9. Qxg7 Rf8 10. Na3 a6 11. Ba4 b5 12. Bb3 c5 13. d3 Qb6 14. Qxh7 Bb7 15. Bh6 0-0-0 16. Bxf8 Rxf8 17. e6 dxe6 18. Bxe6+ fxe6 19. Qxe7 Rg8 20. g3 Bd5 21. Qh7 Qd8 22. Re5 Rh8 23. Qg7 Rg8 24. Qh6 Rh8 25. Qg5 Qe8 26. h4 Nc6 27. Rxd5 exd5 28. Qxd5 Rh5 29. Qf3 Ne5 30. Qa8+ 1-0

[Event "Quebec-ch U18"]
[Site "Montreal"]
[Date "2017.03.04"]
[Round "3"]
[White "Cote, Frederic"]
[Black "Li, Yilin"]
[Result "0-1"]
[WhiteElo "1414"]
[BlackElo "1962"]
[PlyCount "66"]
[EventDate "2017.03.04"]
[EventType "tourn"]
[EventRounds "6"]
[EventCountry "CAN"]
[SourceTitle "EXT 2022"]
[Source "ChessBase"]
[SourceDate "2021.10.06"]
[SourceVersion "1"]
[SourceVersionDate "2021.10.06"]
[SourceQuality "1"]

1. d4 Nf6 2. Nf3 e6 3. Bf4 d5 4. e3 Nbd7 5. Bd3 Be7 6. 0-0 0-0 7. h3 c5 8. c3 c4 9. Bc2 b5 10. b3 Ba6 11. b4 Bb7 12. Nbd2 Nb6 13. Re1 Ne4 14. Nxe4 dxe4 15. Nh2 Bd6 16. Qg4 f5 17. Qg3 Bxf4 18. exf4 Nd5 19. Rac1 Rf6 20. Qh4 Nxc3 21. g4 Nxa2 22. g5 Rf8 23. Rb1 Qd5 24. Re3 a5 25. Ng4 Nxb4 26. Nh6+ gxh6 27. gxh6 Kf7 28. Bd1 Rg8+ 29. Kh2 Ke8 30. Bh5+ Kd7 31. f3 Qxd4 32. Rd1 Qxd1 33. fxe4 Qg1# 0-1

[Event "Quebec-ch U18"]
[Site "Montreal"]
[Date "2017.03.04"]
[Round "1"]
[White "Cote, Frederic"]
[Black "Saha, Ananda"]
[Result "0-1"]
[WhiteElo "1414"]
[BlackElo "2088"]
[PlyCount "58"]
[EventDate "2017.03.04"]
[EventType "tourn"]
[EventRounds "6"]
[EventCountry "CAN"]
[SourceTitle "EXT 2022"]
[Source "ChessBase"]
[SourceDate "2021.10.06"]
[SourceVersion "1"]
[SourceVersionDate "2021.10.06"]
[SourceQuality "1"]

1. b3 Nf6 2. Bb2 d5 3. g3 c6 4. Bg2 Bf5 5. Nf3 h6 6. 0-0 Nbd7 7. d3 e6 8. c4 Be7 9. Nbd2 0-0 10. Re1 Bh7 11. cxd5 exd5 12. e4 Nc5 13. Ne5 Bd6 14. Qf3 dxe4 15. dxe4 Bxe5 16. Bxe5 Qxd2 17. Bxf6 gxf6 18. Re3 Qd4 19. Qg4+ Bg6 20. Rd1 Qe5 21. f4 Qh5 22. h3 Qxg4 23. hxg4 Rfd8 24. Rc1 Nd7 25. f5 Bh7 26. Rc2 Ne5 27. Bf3 Rd4 28. Kf2 Kh8 29. Rc1 Nd3+ 0-1

[Event "Charlesbourg Keres Memorial"]
[Site "Charlesbourg"]
[Date "2015.06.01"]
[Round "5"]
[White "Cote, Frederic"]
[Black "Leblanc Legault, Mathieu"]
[Result "1-0"]
[WhiteElo "1396"]
[BlackElo "1724"]
[PlyCount "85"]
[EventDate "2015.05.04"]
[EventType "swiss"]
[EventRounds "5"]
[EventCountry "CAN"]
[SourceTitle "EXT 2019"]
[Source "ChessBase"]
[SourceDate "2018.10.10"]
[SourceVersion "1"]
[SourceVersionDate "2018.10.10"]
[SourceQuality "1"]

1. d4 c6 2. c4 d5 3. Nf3 Nf6 4. Nc3 dxc4 5. a4 a5 6. e3 Bg4 7. Bxc4 e6 8. 0-0 Bb4 9. Qe2 Nbd7 10. h3 Bxf3 11. Qxf3 0-0 12. Rd1 h6 13. e4 Qe7 14. d5 e5 15. Qe2 Bc5 16. Be3 Rfc8 17. Kh1 Bd4 18. Bxd4 exd4 19. Rxd4 Re8 20. Re1 Qe5 21. Rd3 Rad8 22. Re3 Nb6 23. b3 Rd7 24. Nd1 Red8 25. g4 Qd4 26. dxc6 bxc6 27. e5 Nfd5 28. Re4 Qc5 29. e6 fxe6 30. Rxe6 Nxc4 31. Re8+ Rxe8 32. Qxe8+ Qf8 33. Qxd7 Qf3+ 34. Kg1 Nce3 35. Qe8+ Kh7 36. Rxe3 Qxd1+ 37. Re1 Qxb3 38. Qxc6 Nf4 39. Qe4+ Ng6 40. Re3 Qd1+ 41. Kg2 Qd7 42. h4 Qd2 43. h5 1-0

[Event "Maastricht Limburg op-B 9th"]
[Site "Maastricht"]
[Date "2015.05.23"]
[Round "2"]
[White "De Boer, Robert"]
[Black "Cote, Frederic"]
[Result "1-0"]
[WhiteElo "1938"]
[BlackElo "1950"]
[PlyCount "55"]
[EventDate "2015.05.22"]
[EventType "swiss"]
[EventRounds "7"]
[EventCountry "NED"]
[SourceTitle "EXT 2016"]
[Source "ChessBase"]
[SourceDate "2015.10.08"]
[SourceVersion "1"]
[SourceVersionDate "2015.10.08"]
[SourceQuality "1"]

1. e4 c5 2. c3 d5 3. exd5 Qxd5 4. d4 e6 5. Nf3 Nf6 6. Na3 cxd4 7. Nb5 Qd8 8. Nbxd4 Be7 9. Bc4 0-0 10. 0-0 Qc7 11. Qe2 a6 12. Re1 Kh8 13. a4 Nc6 14. Nxc6 Qxc6 15. Ne5 Qc7 16. Bf4 Bd6 17. Rad1 Bxe5 18. Bxe5 Qc6 19. Rd4 b5 20. axb5 axb5 21. Bxb5 Qb7 22. Bd3 Ra2 23. Bxf6 gxf6 24. Bxh7 Qxb2 25. Qe3 Ra1 26. Bb1 Qxb1 27. Qh6+ Kg8 28. Rg4+ 1-0

[Event "Charlesbourg Keres Memorial"]
[Site "Charlesbourg"]
[Date "2015.05.04"]
[Round "1"]
[White "Beauchesne, Jonathan"]
[Black "Cote, Frederic"]
[Result "1-0"]
[WhiteElo "1753"]
[BlackElo "1267"]
[PlyCount "73"]
[EventDate "2015.05.04"]
[EventType "swiss"]
[EventRounds "5"]
[EventCountry "CAN"]
[SourceTitle "EXT 2019"]
[Source "ChessBase"]
[SourceDate "2018.10.10"]
[SourceVersion "1"]
[SourceVersionDate "2018.10.10"]
[SourceQuality "1"]

1. e4 c5 2. c3 Nc6 3. d4 e6 4. Nf3 cxd4 5. cxd4 g6 6. Be2 Nf6 7. e5 Nd5 8. 0-0 Bg7 9. Nbd2 0-0 10. Ne4 f6 11. exf6 Nxf6 12. Nxf6+ Bxf6 13. d5 Ne7 14. dxe6 dxe6 15. Qb3 Kh8 16. Rd1 Qc7 17. Bh6 Rg8 18. Rac1 Qb6 19. Qxb6 axb6 20. Ng5 Bxg5 21. Bxg5 Nd5 22. Rxd5 exd5 23. Bf6+ Rg7 24. Rc7 Bd7 25. Bxg7+ Kxg7 26. Rxd7+ Kh6 27. Rxd5 Rxa2 28. Rb5 Ra1+ 29. Bf1 Ra6 30. g3 g5 31. h3 Kg6 32. Bg2 Ra1+ 33. Kh2 Rd1 34. Rxb6+ Kf5 35. Rxb7 Rd2 36. b4 Rxf2 37. Rf7+ 1-0

[Event "Montcalm VI 2014-15"]
[Site "Quebec"]
[Date "2015.04.16"]
[Round "4"]
[White "Stoyanova, Stela"]
[Black "Cote, Frederic"]
[Result "0-1"]
[WhiteElo "1284"]
[BlackElo "1128"]
[PlyCount "74"]
[EventDate "2015.03.26"]
[EventType "swiss"]
[EventRounds "5"]
[EventCountry "CAN"]
[SourceTitle "EXT 2019"]
[Source "ChessBase"]
[SourceDate "2018.10.10"]
[SourceVersion "1"]
[SourceVersionDate "2018.10.10"]
[SourceQuality "1"]

1. Nf3 c5 2. g3 d5 3. c3 Nf6 4. Bg2 e6 5. d3 Be7 6. 0-0 0-0 7. Re1 Nc6 8. Nbd2 b6 9. Nb3 Bb7 10. e4 dxe4 11. Ng5 exd3 12. Ne4 Nxe4 13. Bxe4 c4 14. Nd4 Nxd4 15. cxd4 Bxe4 16. Rxe4 Bf6 17. Be3 Rc8 18. Rc1 Re8 19. Qg4 g6 20. h4 Bg7 21. Qd1 f5 22. Rf4 Bh6 23. Rf3 Bxe3 24. fxe3 e5 25. Rf2 exd4 26. Rf4 Rxe3 27. Kg2 Qd5+ 28. Kh3 Re2 29. Qg1 Rce8 30. Rxd4 Qf3 31. Rf4 Qe3 32. Qxe3 R8xe3 33. Rfxc4 Rxb2 34. Rc8+ Kg7 35. R8c7+ Kh6 36. Rxa7 Ree2 37. g4 Re3# 0-1

[Event "Berlin Spring op-A"]
[Site "Berlin"]
[Date "2014.05.03"]
[Round "5"]
[White "Cote, Frederic"]
[Black "Schnoor, Ekkehard"]
[Result "0-1"]
[WhiteElo "1978"]
[BlackElo "2162"]
[PlyCount "152"]
[EventDate "2014.05.01"]
[EventType "swiss"]
[EventRounds "7"]
[EventCountry "GER"]
[SourceTitle "CBM 160 Extra"]
[Source "ChessBase"]
[SourceDate "2014.07.01"]
[SourceVersion "1"]
[SourceVersionDate "2014.07.01"]
[SourceQuality "1"]

1. d4 Nf6 2. Nf3 g6 3. Nc3 d5 4. Bf4 Bg7 5. Qd2 0-0 6. Bh6 Ne4 7. Nxe4 dxe4 8. Bxg7 Kxg7 9. Ng5 e5 10. Nxe4 Qxd4 11. Qxd4 exd4 12. 0-0-0 Nc6 13. a3 Bf5 14. Nc5 b6 15. Na6 Rac8 16. g3 Be4 17. f3 Bf5 18. Bg2 Rfe8 19. Rhe1 Re7 20. g4 Be6 21. e4 Rd8 22. h3 g5 23. Bf1 Ne5 24. Be2 c5 25. Rf1 Ng6 26. c3 Nf4 27. Bb5 Nxh3 28. cxd4 cxd4 29. Nb4 Rc7+ 30. Kb1 Rc5 31. a4 Bc4 32. Bxc4 Rxc4 33. Nd5 Rxa4 34. b3 Ra5 35. Rxd4 Nf4 36. Rfd1 Nxd5 37. exd5 Rd6 38. Kb2 h6 39. b4 Rb5 40. Kc3 a5 41. bxa5 Rxa5 42. Kc4 Rc5+ 43. Kb4 Kg6 44. R1d3 h5 45. gxh5+ Kxh5 46. Rd2 Kg6 47. Rd1 f5 48. R1d2 Kf6 49. R4d3 Ke5 50. Re2+ Kf6 51. Red2 Ke7 52. Re2+ Kd7 53. Red2 f4 54. Rd1 Rf6 55. Ra1 Rf5 56. Ra6 Rfxd5 57. Rxd5+ Rxd5 58. Rxb6 Rd3 59. Rg6 Rxf3 60. Rxg5 Ke6 61. Kc4 Re3 62. Kd4 Kf6 63. Ra5 Re2 64. Kd3 f3 65. Rb5 Re1 66. Rb8 Kf5 67. Kd2 Re2+ 68. Kd1 Kf4 69. Rg8 Ke3 70. Re8+ Kf2 71. Rg8 Re7 72. Rd8 Kg1 73. Rg8+ Kf1 74. Kd2 f2 75. Rg6 Rd7+ 76. Ke3 Ke1 0-1

[Event "Berlin Spring op-A"]
[Site "Berlin"]
[Date "2014.05.02"]
[Round "4"]
[White "Rohne, Lars"]
[Black "Cote, Frederic"]
[Result "1/2-1/2"]
[WhiteElo "2159"]
[BlackElo "1978"]
[PlyCount "63"]
[EventDate "2014.05.01"]
[EventType "swiss"]
[EventRounds "7"]
[EventCountry "GER"]
[SourceTitle "CBM 160 Extra"]
[Source "ChessBase"]
[SourceDate "2014.07.01"]
[SourceVersion "1"]
[SourceVersionDate "2014.07.01"]
[SourceQuality "1"]

1. e4 c5 2. Nc3 a6 3. f4 e6 4. Nf3 b5 5. d3 Bb7 6. Be2 b4 7. Nb1 d5 8. Nbd2 Nf6 9. e5 Ng4 10. Nf1 Nc6 11. h3 Nh6 12. Ng3 Be7 13. 0-0 g6 14. c3 Nf5 15. Nxf5 gxf5 16. Be3 d4 17. cxd4 Nxd4 18. Bxd4 cxd4 19. Rc1 Rc8 20. Kh2 Rxc1 21. Qxc1 0-0 22. Qc4 Qb6 23. Qc2 Rc8 24. Qd2 Qc5 25. g4 fxg4 26. hxg4 Bxf3 27. Bxf3 Qc2 28. Rd1 a5 29. Kg3 Qxd2 30. Rxd2 h6 31. Bd1 Rc5 32. Rc2 1/2-1/2

[Event "Berlin Spring op-A"]
[Site "Berlin"]
[Date "2014.05.01"]
[Round "2"]
[White "Waechter, Nathalie"]
[Black "Cote, Frederic"]
[Result "1/2-1/2"]
[WhiteElo "1749"]
[BlackElo "1978"]
[PlyCount "81"]
[EventDate "2014.05.01"]
[EventType "swiss"]
[EventRounds "7"]
[EventCountry "GER"]
[SourceTitle "CBM 160 Extra"]
[Source "ChessBase"]
[SourceDate "2014.07.01"]
[SourceVersion "1"]
[SourceVersionDate "2014.07.01"]
[SourceQuality "1"]

1. d4 c5 2. Nf3 cxd4 3. Nxd4 d5 4. e3 e5 5. Nf3 Nc6 6. h3 Nf6 7. Nbd2 e4 8. Nd4 Nxd4 9. exd4 e3 10. Bb5+ Nd7 11. Qe2 Be7 12. Qxe3 0-0 13. 0-0 Re8 14. Nf3 a6 15. Ba4 b5 16. Bb3 Bd6 17. Qd3 Nb6 18. c3 g6 19. Bg5 f6 20. Bc1 Bf5 21. Qd1 Bc7 22. Bc2 Bxc2 23. Qxc2 Nc4 24. a4 bxa4 25. Rxa4 Re6 26. Qd3 Qd7 27. Ra2 a5 28. Nd2 Nxd2 29. Bxd2 Rae8 30. c4 Qd6 31. g3 dxc4 32. Qxc4 Kg7 33. Bf4 Qc6 34. Qxc6 Rxc6 35. Bxc7 Rxc7 36. Rxa5 Re2 37. b4 Rc4 38. b5 Rxd4 39. Rc1 Rdd2 40. Ra7+ Kh6 41. Rf1 1/2-1/2

[Event "Basel op"]
[Site "Basel"]
[Date "2014.01.02"]
[Round "2"]
[White "Heinis, Vincent"]
[Black "Cote, Frederic"]
[Result "1-0"]
[WhiteElo "2112"]
[BlackElo "1974"]
[PlyCount "87"]
[EventDate "2014.01.01"]
[EventType "swiss"]
[EventRounds "7"]
[EventCountry "SUI"]
[SourceTitle "CBM 158 Extra"]
[Source "ChessBase"]
[SourceDate "2014.02.28"]
[SourceVersion "1"]
[SourceVersionDate "2014.02.28"]
[SourceQuality "1"]

1. Nf3 d6 2. c4 c6 3. d4 Bg4 4. Qb3 Qb6 5. g3 Qxb3 6. axb3 Bxf3 7. exf3 g6 8. Bg2 Bg7 9. Be3 Nf6 10. 0-0 0-0 11. Nc3 Na6 12. Ra4 Nc7 13. Rfa1 a6 14. h3 Nd7 15. f4 f5 16. Rd1 e6 17. Raa1 d5 18. c5 h5 19. Bf1 Ne8 20. Kg2 Nef6 21. Ra4 Kf7 22. Rda1 Rh8 23. Ne2 h4 24. Ng1 hxg3 25. fxg3 Ne4 26. Nf3 Bf6 27. h4 Ke7 28. Bd3 Rhg8 29. Rh1 Bh8 30. Ne5 Ndf6 31. Rb4 Ra7 32. Ra1 Ng4 33. Nxg4 fxg4 34. Be2 Nf6 35. Rba4 Raa8 36. Bd2 Kd7 37. Rb4 Rab8 38. f5 exf5 39. Bf4 Rbe8 40. Rxb7+ Ke6 41. Rxa6 Rc8 42. Bb5 Rg7 43. Bxc6 Rxb7 44. Bxb7+ 1-0

[Event "Basel op"]
[Site "Basel"]
[Date "2014.01.02"]
[Round "3"]
[White "Naarden, Amindo"]
[Black "Cote, Frederic"]
[Result "1-0"]
[WhiteElo "2100"]
[BlackElo "1974"]
[PlyCount "61"]
[EventDate "2014.01.01"]
[EventType "swiss"]
[EventRounds "7"]
[EventCountry "SUI"]
[SourceTitle "CBM 158 Extra"]
[Source "ChessBase"]
[SourceDate "2014.02.28"]
[SourceVersion "1"]
[SourceVersionDate "2014.02.28"]
[SourceQuality "1"]

1. c4 d6 2. Nc3 c6 3. g3 e5 4. Bg2 f5 5. d4 e4 6. d5 Be7 7. f4 Na6 8. Nh3 Nf6 9. Nf2 0-0 10. e3 Nc7 11. dxc6 bxc6 12. 0-0 Be6 13. Qe2 Qb8 14. b3 a5 15. Ba3 Re8 16. g4 d5 17. Bxe7 Rxe7 18. gxf5 Bxf5 19. Rfd1 Rd7 20. cxd5 cxd5 21. Rac1 Bg6 22. Bh3 Rd6 23. Ng4 Nxg4 24. Bxg4 Raa6 25. Nxd5 Nxd5 26. Rxd5 Rac6 27. Rxc6 Rxc6 28. Qd2 Be8 29. Rd8 Rc1+ 30. Kf2 Rc2 31. Rxe8+ 1-0

[Event "Basel Hilton op 02nd"]
[Site "Basel"]
[Date "2000.??.??"]
[Round "1"]
[White "Cote, Frederic"]
[Black "Cuenod, Timothee"]
[Result "1-0"]
[WhiteElo "2130"]
[BlackElo "1567"]
[PlyCount "87"]
[EventDate "2000.01.01"]
[EventType "swiss"]
[EventRounds "7"]
[EventCountry "SUI"]
[SourceTitle "CBM 074 Extra"]
[Source "ChessBase"]
[SourceDate "2000.03.10"]
[SourceVersion "2"]
[SourceVersionDate "2000.03.10"]
[SourceQuality "1"]

1. e4 d5 2. exd5 Qxd5 3. Nc3 Qa5 4. d4 c6 5. Nf3 Bf5 6. Be2 Nf6 7. 0-0 Nbd7 8. h3 e6 9. Bd2 Qc7 10. Nh4 Bg6 11. Bf3 Bd6 12. Re1 Rd8 13. Bg5 Bh2+ 14. Kh1 Bf4 15. Bxf4 Qxf4 16. Nxg6 hxg6 17. Kg1 Nb6 18. Ne2 Qg5 19. Ng3 Nc4 20. c3 0-0 21. Qe2 Nd6 22. Rad1 Rfe8 23. Qe5 Nf5 24. Nxf5 gxf5 25. c4 Re7 26. d5 cxd5 27. cxd5 Ne8 28. dxe6 Rxd1 29. Rxd1 fxe6 30. Rd7 Qc1+ 31. Kh2 Rxd7 32. Qxe6+ Rf7 33. Qxe8+ Kh7 34. Qxf7 Qf4+ 35. Kg1 Qc1+ 36. Bd1 Qxd1+ 37. Kh2 Qd6+ 38. g3 Qc5 39. Qxb7 Qxf2+ 40. Qg2 Qe3 41. Qc2 g6 42. Qc7+ Kg8 43. Qc4+ Kg7 44. Qc3+ 1-0